Cartilla Impuesto sobre las Ventas (IVA y CONSUMO)

Detalles Bibliográficos
Autor principal: Eliecer Bello, Franco
Formato: eBook
Lenguaje:español
Publicado: Bogot:̀ Grupo Editorial Nueva Legislacin̤, 2020
Materias:
Acceso en línea:Acceso restringido

MARC

LEADER 00000nam a22000007a 4500
005 20201120101143.0
007 cr|||| ||||
008 201120s2020 co |||||s|||| 00||0 spa d
020 |a 9789585625945 
035 |a 32214 
040 |a vLex 
090 |c 10909  |d 10909 
100 1 |a Eliecer Bello, Franco 
245 1 0 |a Cartilla Impuesto sobre las Ventas (IVA y CONSUMO)  |h [Recurso electrn̤ico] /  |c Franco Eliecer Bello 
256 |a Servicio en ln̕ea 
260 |a Bogot:̀  |b Grupo Editorial Nueva Legislacin̤,  |c 2020 
300 |a 1 recurso electrn̤ico 
506 1 |a Disponible solo en los productos indicados  |d vLex Global  |d vLex Global (Academic Edition, excluding Law Schools)  |d vLex Global (U.S. Academic Edition, Law Schools)  |d vLex Global (U.S. Academic Edition, excluding Law Schools)  |d vLex Global (Academic Edition, Law Schools) 
650 0 4 |a Derecho Fiscal  |z Colombia 
740 0 |a vLex Libros (Servicio en ln̕ea) 
856 4 0 |u http://vlex.com/source/cartilla-impuesto-sobre-ventas-iva-consumo-32214  |z Acceso restringido 
942 |c BOOK 
999 0 |a Tax Law